000
00315nam a22001337a 4500
008
181008b xxu||||| |||| 00| 0 eng d
020
_a
9781111530228
041
_a
eng
080
_2
13th
_a
334.7
100
_a
55
101
_a
MF
245
_a
Fundamentals of Financial Management
_c
Brigham,E,F
942
_2
udc
_c
BK
999
_c
49036
_d
49036